[Event "23rd Dubai Open 2023"]
[Site "Dubai UAE"]
[Date "2023.06.02"]
[Round "7.40"]
[White "Mandura, Tijana"]
[Black "Al Hosani, Omran"]
[Result "1-0"]
[WhiteTitle "WIM"]
[BlackTitle "IM"]
[WhiteElo "2203"]
[BlackElo "2270"]
[WhiteFideId "16500270"]
[BlackFideId "9308733"]
[EventDate "2023.05.27"]

1. e4 c5 2. Nf3 Nc6 3. Bb5 g6 4. Bxc6 bxc6 5. d4 Bg7 6. dxc5 Qa5+ 7. Nbd2 Ba6 8.
Rb1 Qxa2 9. b4 Qe6 10. Ng5 Qf6 11. Bb2 e5 12. Ngf3 Qe6 13. Ra1 Bc8 14. Qe2 Nf6
15. Bxe5 O-O 16. O-O Re8 17. Nc4 d5 18. cxd6 Nh5 19. Ng5 Qg4 20. Qxg4 Bxg4 21.
Bxg7 Be2 22. Rfe1 Bxc4 23. Bd4 Nf4 24. Bxa7 Ne2+ 25. Kh1 f6 26. Nf3 Nc3 27. Nd2 1-0

[Event "23rd Dubai Open 2023"]
[Site "Dubai UAE"]
[Date "2023.06.03"]
[Round "8.2"]
[White "Gupta, Abhijeet"]
[Black "Aravindh, Chithambaram VR."]
[Result "1/2-1/2"]
[WhiteTitle "GM"]
[BlackTitle "GM"]
[WhiteElo "2630"]
[BlackElo "2633"]
[WhiteFideId "5010608"]
[BlackFideId "5072786"]
[EventDate "2023.05.27"]

1. d4 d5 2. c4 c6 3. Nf3 Nf6 4. Nc3 dxc4 5. a4 Bf5 6. Ne5 Na6 7. e3 Nb4 8. Bxc4
e6 9. O-O Bd6 10. Qe2 h6 11. e4 Bh7 12. Bf4 O-O 13. Bg3 Qe7 14. Rad1 c5 15. dxc5
Bxc5 16. Bh4 g5 17. Bg3 Rad8 18. h4 Rxd1 19. Rxd1 Rd8 20. hxg5 Rxd1+ 21. Qxd1
hxg5 22. Bb5 a6 23. Bc4 Nxe4 24. Nxe4 Bxe4 25. Qh5 Nd5 26. Qe2 Bf5 27. Ng4 Kh7
28. Be5 Nf4 29. Bxf4 gxf4 30. Bd3 Qg5 31. Ne5 Kg7 32. Nf3 Qf6 33. Bxf5 Qxf5 34.
Qd1 Qe4 35. b3 Be7 36. Ne1 e5 37. Nf3 Bf6 38. Nd2 Qd3 39. Qg4+ Kf8 40. Qc8+ Qd8
41. Qc2 Kg7 42. Kf1 Qd5 43. f3 Bd8 44. Ke2 Qd7 45. Qe4 f6 46. Qc2 Bb6 47. b4 Bd4
48. Ne4 f5 49. Nd2 Kf6 50. Nb3 Bb6 51. Nd2 Qg7 52. Qc8 Qxg2+ 53. Kd3 Qg7 54. Nc4
e4+ 55. fxe4 fxe4+ 56. Kxe4 Bc7 57. Kd3 Qh7+ 58. Kd4 Kg5 59. Nd2 Bb6+ 60. Kc3
Qc7+ 61. Qxc7 Bxc7 62. Kd3 Kg4 63. Ke4 b5 64. axb5 axb5 65. Kd5 Bb6 66. Ke4 Bd8
67. Nf3 Bf6 68. Nh2+ Kg3 69. Nf1+ Kg2 70. Kxf4 Kxf1 71. Ke4 Ke2 72. Kd5 Kd3 73.
Kc5 Be7+ 74. Kxb5 Bxb4 1/2-1/2

[Event "23rd Dubai Open 2023"]
[Site "Dubai UAE"]
[Date "2023.06.03"]
[Round "8.3"]
[White "Chigaev, Maksim"]
[Black "Tabatabaei, M. Amin"]
[Result "1/2-1/2"]
[WhiteTitle "GM"]
[BlackTitle "GM"]
[WhiteElo "2628"]
[BlackElo "2677"]
[WhiteFideId "4108116"]
[BlackFideId "12521213"]
[EventDate "2023.05.27"]

1. d4 Nf6 2. c4 e6 3. Nf3 d5 4. g3 Be7 5. Bg2 O-O 6. O-O Nbd7 7. b3 dxc4 8. bxc4
c5 9. Bb2 cxd4 10. Qxd4 Nc5 11. Qf4 Ne8 12. Nc3 f6 13. Rfd1 Qa5 14. Nd2 Nd6 15.
Nb3 Qb4 16. Rab1 Nxb3 17. axb3 Rd8 18. Qe3 Nf7 19. Nb5 Rxd1+ 20. Rxd1 Bc5 21.
Qd3 Qa5 22. Bd4 Qb6 23. Bxc5 Qxc5 24. Nd6 Ne5 25. Qd2 a5 26. e3 Qb6 27. h3 Qxb3
28. f4 Ng6 29. Kh2 Nf8 30. Ra1 a4 31. c5 a3 32. Qa2 Qxe3 33. f5 Qxc5 34. Nxc8
Rxc8 35. fxe6 Qe7 36. Qxa3 Qxa3 37. Rxa3 Nxe6 38. Bd5 Kf7 39. Re3 Re8 40. g4 b5
41. h4 h5 42. g5 b4 43. Kg3 fxg5 44. hxg5 Kg6 45. Kh4 Kf5 46. Re1 Re7 47. Bb3
Re8 48. Bc2+ Kf4 49. Bg6 Re7 50. Re4+ Kf3 51. Rxb4 Nf4 52. Bxh5+ Ke3 53. Rb3+
Kd4 54. Rb4+ Ke5 55. Bf3 Ng6+ 56. Kg4 Nf8 57. Re4+ Kd6 58. Rd4+ Ke5 59. Rd5+ Ke6
60. Rd8 Nd7 1/2-1/2

[Event "23rd Dubai Open 2023"]
[Site "Dubai UAE"]
[Date "2023.06.03"]
[Round "8.4"]
[White "Matlakov, Maxim"]
[Black "Murzin, Volodar"]
[Result "1-0"]
[WhiteTitle "GM"]
[BlackTitle "GM"]
[WhiteElo "2662"]
[BlackElo "2604"]
[WhiteFideId "4168003"]
[BlackFideId "44155573"]
[EventDate "2023.05.27"]

1. d4 d5 2. c4 c6 3. Nf3 Nf6 4. Nc3 e6 5. Bg5 Nbd7 6. e3 Qa5 7. cxd5 Nxd5 8. Rc1
Nxc3 9. bxc3 Ba3 10. Rc2 b6 11. h4 Ba6 12. Bxa6 Qxa6 13. Bf4 O-O 14. h5 Rad8 15.
h6 g6 16. Qe2 Qxe2+ 17. Kxe2 f6 18. e4 Kf7 19. g4 Be7 20. a4 f5 21. gxf5 gxf5
22. e5 Rg8 23. a5 Rg4 24. Be3 b5 25. c4 bxc4 26. Rxc4 c5 27. Rb1 Rb8 28. Rcc1
Kg6 29. d5 Re4 30. Rg1+ Rg4 31. dxe6 1-0

[Event "23rd Dubai Open 2023"]
[Site "Dubai UAE"]
[Date "2023.06.03"]
[Round "8.5"]
[White "Smirin, Ilia"]
[Black "Sindarov, Javokhir"]
[Result "0-1"]
[WhiteTitle "GM"]
[BlackTitle "GM"]
[WhiteElo "2599"]
[BlackElo "2661"]
[WhiteFideId "2801990"]
[BlackFideId "14205483"]
[EventDate "2023.05.27"]

1. e4 c5 2. Nf3 Nc6 3. Bb5 g6 4. O-O Bg7 5. c3 e5 6. d4 cxd4 7. cxd4 exd4 8. Bf4
a6 9. Ba4 Nge7 10. Bd6 b5 11. Bb3 Bb7 12. Bd5 O-O 13. Nbd2 Nxd5 14. Bxf8 Qxf8
15. exd5 Nb4 16. Nb3 d3 17. a3 Nxd5 18. Na5 Bc6 19. Qxd3 Bxb2 20. Ra2 Bf6 21.
Rc2 Rd8 22. Nxc6 dxc6 23. Rxc6 Nb4 24. Qxd8 Bxd8 25. axb4 Qxb4 26. Rxa6 Kg7 27.
Raa1 Bf6 28. Rab1 Qa4 29. Nd2 h5 30. Rfd1 Bc3 31. Nb3 h4 32. h3 Qa2 33. Nc5 Bd4
34. Ne4 Bb2 35. Nd2 g5 36. Nf3 Kg6 37. Rd6+ f6 38. Rbd1 b4 39. R1d5 Qb1+ 40. Rd1
Qc2 41. R6d2 Qa4 42. Nd4 Bc3 43. Rd3 Qa2 44. Nf3 Qc4 45. Nd4 Qa6 46. Kh1 Qa2 47.
Kg1 Qc4 48. Kh1 Ba1 49. Kg1 Bb2 50. R3d2 Bc3 51. Rd3 Qa6 52. Kh1 Qa2 53. Kg1
Bxd4 54. Rxd4 b3 55. Re1 Qc2 56. Rdd1 b2 57. f3 Qc5+ 58. Kh2 Kf5 59. Rb1 Qc7+
60. Kg1 Qc2 61. Kh2 Kg6 62. Rbd1 Qc7+ 63. Kh1 Kh5 64. Kg1 f5 65. Kh1 Qc2 66. Kh2
Qc7+ 67. Kh1 Qc4 68. Rb1 Qc3 69. Rbd1 Qc2 70. Kh2 Qb3 71. Rf1 g4 72. fxg4+ fxg4
73. hxg4+ Kxg4 74. Rd4+ Kh5 75. Rf5+ Kg6 76. Rf1 Qb8+ 77. Kh1 b1=Q 78. Rxb1
Qxb1+ 79. Kh2 Qb8+ 80. Kh1 Qg3 0-1

[Event "23rd Dubai Open 2023"]
[Site "Dubai UAE"]
[Date "2023.06.03"]
[Round "8.6"]
[White "Salem, A.R. Saleh"]
[Black "Sanal, Vahap"]
[Result "1/2-1/2"]
[WhiteTitle "GM"]
[BlackTitle "GM"]
[WhiteElo "2677"]
[BlackElo "2600"]
[WhiteFideId "9301348"]
[BlackFideId "6300545"]
[EventDate "2023.05.27"]

1. d4 d5 2. c4 c6 3. Nf3 Nf6 4. Nc3 e6 5. Bg5 Be7 6. e3 h6 7. Bh4 O-O 8. Bd3 c5
9. O-O cxd4 10. exd4 dxc4 11. Bxc4 Nbd7 12. Re1 Nb6 13. Bb3 Nbd5 14. Qe2 Bd7 15.
Nxd5 Nxd5 16. Bxd5 Bxh4 17. Bxb7 Rb8 18. Be4 Bb5 19. Qe3 Bf6 20. Rac1 Qb6 21. h4
Rfd8 22. Red1 Be8 23. Rd2 e5 24. Bd3 exd4 25. Qe4 g6 26. h5 Rbc8 27. Rxc8 Rxc8
28. Rc2 Rd8 29. Ne5 Qe6 30. Rc5 Qe7 31. b4 Kg7 32. a3 Rd6 33. f4 Rd8 34. Qe1
gxh5 35. Qe4 Kf8 36. Qf5 Bxe5 37. Rxe5 Qd6 38. Qxh5 Rc8 39. Qh4 Rc3 40. Bh7 Re3
41. Rh5 Kg7 42. Bf5 d3 43. Qg4+ Kf8 44. Kh2 d2 45. Bc2 Re1 46. Bd1 Bd7 47. Qh4
Qd4 48. Re5 Qg1+ 49. Kg3 Rxe5 50. Qxh6+ Kg8 51. fxe5 Qxd1 52. Qg5+ Kh7 53. Qh4+
Kg8 54. Qg5+ Kf8 55. Qh6+ 1/2-1/2

[Event "23rd Dubai Open 2023"]
[Site "Dubai UAE"]
[Date "2023.06.03"]
[Round "8.7"]
[White "Iturrizaga Bonelli, Eduardo"]
[Black "Karthik, Venkataraman"]
[Result "0-1"]
[WhiteTitle "GM"]
[BlackTitle "GM"]
[WhiteElo "2637"]
[BlackElo "2528"]
[WhiteFideId "3901211"]
[BlackFideId "25006479"]
[EventDate "2023.05.27"]

1. c4 e6 2. Nf3 d5 3. e3 Nf6 4. Nc3 a6 5. cxd5 exd5 6. g3 g6 7. Bg2 Bg7 8. O-O
O-O 9. b4 Nc6 10. Ba3 Re8 11. Rc1 Ne4 12. Qb3 Be6 13. Ne2 d4 14. Qb1 Bg4 15.
Rcd1 Ng5 16. Nxg5 Bxe2 17. Ne4 dxe3 18. dxe3 Bxd1 0-1

[Event "23rd Dubai Open 2023"]
[Site "Dubai UAE"]
[Date "2023.06.03"]
[Round "8.8"]
[White "Bernadskiy, Vitaliy"]
[Black "Sargsyan, Shant"]
[Result "0-1"]
[WhiteTitle "GM"]
[BlackTitle "GM"]
[WhiteElo "2592"]
[BlackElo "2630"]
[WhiteFideId "14100371"]
[BlackFideId "13306766"]
[EventDate "2023.05.27"]

1. e4 e5 2. Nf3 Nc6 3. Bb5 a6 4. Ba4 Nf6 5. O-O Be7 6. d3 b5 7. Bb3 d6 8. a3 O-O
9. Nc3 h6 10. Be3 Re8 11. Nd5 Rb8 12. Ba2 Bf8 13. b4 Nxd5 14. Bxd5 Ne7 15. Bb3
Ng6 16. a4 Be6 17. Bxe6 Rxe6 18. axb5 axb5 19. d4 c6 20. Ra6 Qc8 21. Rxc6 Qxc6
22. d5 Qb7 23. dxe6 fxe6 24. Qd3 Qc6 25. Bd2 Ra8 26. Qb3 Kf7 27. Re1 Be7 28. g3
Nf8 29. Qd3 Nd7 30. Be3 Ra2 31. Rc1 Nf6 32. c4 bxc4 33. Qxc4 Qxc4 34. Rxc4 Bd8
35. h3 Ke8 36. g4 Kd7 37. Kf1 Bc7 38. g5 hxg5 39. Nxg5 d5 40. exd5 exd5 41. Rc1
d4 42. Rd1 Kc6 43. Bxd4 exd4 44. Rxd4 Bb6 45. Rf4 Kd6 46. Rf5 Rb2 47. b5 Bd4 48.
h4 g6 49. Rf3 Rxb5 50. Rd3 Kd5 51. Kg2 Rb2 52. Nh3 Nh5 53. Kf3 Ke5 54. Kg4 Rb5
55. Rd1 Rb3 56. f3 Rb2 57. f4+ Kf6 58. Rxd4 Rg2+ 59. Kf3 Rg3+ 60. Ke4 Rxh3 61.
Rd6+ Kg7 62. Rd4 Rxh4 63. Kf3 Kh6 0-1

[Event "23rd Dubai Open 2023"]
[Site "Dubai UAE"]
[Date "2023.06.03"]
[Round "8.9"]
[White "Indjic, Aleksandar"]
[Black "Mishra, Abhimanyu"]
[Result "0-1"]
[WhiteTitle "GM"]
[BlackTitle "GM"]
[WhiteElo "2618"]
[BlackElo "2550"]
[WhiteFideId "911925"]
[BlackFideId "30920019"]
[EventDate "2023.05.27"]

1. c4 c6 2. Nf3 d5 3. e3 Nf6 4. Qc2 g6 5. b3 Bg7 6. Bb2 O-O 7. Be2 c5 8. cxd5
Qxd5 9. Nc3 Qd8 10. O-O Bf5 11. d3 Nc6 12. a3 Rc8 13. Ne4 b6 14. Rfd1 Qd7 15.
Rac1 Rfd8 16. Qb1 Nd5 17. Bxg7 Kxg7 18. Ng3 Be6 19. b4 cxb4 20. axb4 Ndxb4 21.
Qb2+ f6 22. d4 Na2 23. Ra1 Ncb4 24. d5 Rc2 25. Qb1 Bxd5 26. Rxa2 Rxa2 27. Qxb4
Qc7 28. Nd4 Bf7 29. Qb1 Rc8 30. h4 e5 31. Nb5 Qc2 32. Qb4 Qa4 33. Qe1 Rcc2 34.
Nd6 Bb3 35. Rb1 Rab2 36. Rxb2 Rxb2 37. Qc3 Rc2 38. Qd3 Rc1+ 39. Nf1 Be6 40. h5
Qc6 41. Qa3 a5 42. Ne4 Kf7 43. Bd3 Bd5 44. f3 Bxe4 45. Bxe4 Qc5 46. Qd3 Ke7 47.
Bd5 gxh5 48. Ba2 Qd6 49. Qxh7+ Kd8 50. Bc4 a4 51. Kh2 a3 52. Ng3 Qd7 53. Qg8+
Kc7 54. Ne2 Rc2 55. Bb3 Rc5 56. Ng3 h4 57. Ne4 Rc6 58. Ba4 f5 59. Nc3 Kb7 60.
Bxc6+ Qxc6 61. Qb3 Qc5 62. Nd5 f4 63. exf4 Qf2 64. Qe3 Qxe3 65. Nxe3 exf4 66.
Nc2 a2 67. Kh3 b5 68. Kg4 Kb6 69. Kxf4 Kc5 70. Ke3 b4 71. Na1 Kc4 0-1

[Event "23rd Dubai Open 2023"]
[Site "Dubai UAE"]
[Date "2023.06.03"]
[Round "8.10"]
[White "Lalit Babu M R"]
[Black "Kovalev, Vladislav"]
[Result "1-0"]
[WhiteTitle "GM"]
[BlackTitle "GM"]
[WhiteElo "2529"]
[BlackElo "2612"]
[WhiteFideId "5024595"]
[BlackFideId "13504398"]
[EventDate "2023.05.27"]

1. d4 Nf6 2. c4 e6 3. Nc3 Bb4 4. e3 O-O 5. Bd2 d5 6. Nf3 b6 7. cxd5 exd5 8. Bd3
Ba6 9. Bxa6 Nxa6 10. Qa4 Qc8 11. O-O Qb7 12. Ne5 c5 13. dxc5 bxc5 14. a3 Bxc3
15. Bxc3 Rac8 16. Nd3 Ne4 17. Nf4 Nc7 18. Rad1 Nxc3 19. bxc3 Rfd8 20. Rb1 Qa8
21. Rb2 Rb8 22. Rfb1 Rxb2 23. Rxb2 d4 24. cxd4 cxd4 25. exd4 Qe4 26. Ne2 Ne6 27.
h3 g6 28. Qxa7 Nxd4 29. Nxd4 Rxd4 30. Qc7 Rc4 31. Qd6 Kg7 32. Rb4 Qe1+ 33. Kh2
Rc8 34. Rf4 Re8 35. Qf6+ Kg8 36. Qxf7+ Kh8 37. Rh4 1-0

[Event "23rd Dubai Open 2023"]
[Site "Dubai UAE"]
[Date "2023.06.03"]
[Round "8.11"]
[White "Yuffa, Daniil"]
[Black "Vakhidov, Jakhongir"]
[Result "0-1"]
[WhiteTitle "GM"]
[BlackTitle "GM"]
[WhiteElo "2592"]
[BlackElo "2607"]
[WhiteFideId "24131423"]
[BlackFideId "14201801"]
[EventDate "2023.05.27"]

1. d4 Nf6 2. c4 g6 3. Nc3 Bg7 4. e4 d6 5. Nf3 O-O 6. Be2 Na6 7. O-O e5 8. Be3
Qe7 9. d5 Ng4 10. Bg5 f6 11. Bh4 g5 12. Bg3 f5 13. exf5 Nh6 14. Nd2 Bxf5 15.
Nde4 g4 16. a3 Nc5 17. Nxc5 dxc5 18. Bd3 Bxd3 19. Qxd3 Nf5 20. Rae1 Rae8 21. Ne4
Nd4 22. f3 gxf3 23. gxf3 Rf5 24. f4 Qf8 25. fxe5 Nf3+ 26. Kg2 Nxe1+ 27. Rxe1
Rexe5 28. Bxe5 Bxe5 29. b3 Rh5 30. h3 Kh8 31. Nf2 Rg5+ 32. Ng4 Qf4 33. Qf3 h5
34. Qxf4 Bxf4 35. Kf3 Bd6 36. Re8+ Kg7 37. Ne3 Rg3+ 38. Ke4 Rxh3 39. Nf5+ Kf7
40. Nxd6+ cxd6 41. Re6 Rxb3 42. Rxd6 Rxa3 43. Rh6 Ke7 44. Rxh5 Rc3 45. Rh7+ Kd6
46. Rh6+ Kc7 47. Rh7+ Kb6 48. Rh6+ Ka5 49. d6 Rxc4+ 50. Kd5 Kb5 51. Rh8 Rd4+ 52.
Ke6 c4 53. d7 c3 54. d8=Q Rxd8 55. Rxd8 Kc4 56. Ke5 c2 57. Rd7 b5 58. Rxa7 b4
59. Ke4 Kc3 60. Rc7+ Kd2 61. Kd4 b3 62. Rb7 c1=Q 63. Rxb3 Qg1+ 64. Kc4 Qg8+ 65.
Kb4 Qc8 66. Kb5 Qb7+ 67. Kc4 Qc6+ 68. Kd4 Qa4+ 0-1

[Event "23rd Dubai Open 2023"]
[Site "Dubai UAE"]
[Date "2023.06.03"]
[Round "8.12"]
[White "Niemann, Hans Moke"]
[Black "Xue, Haowen"]
[Result "0-1"]
[WhiteTitle "GM"]
[WhiteElo "2708"]
[BlackElo "2335"]
[WhiteFideId "2093596"]
[BlackFideId "8625492"]
[EventDate "2023.05.27"]

1. e4 c5 2. Nf3 Nc6 3. Bb5 e6 4. Bxc6 bxc6 5. d3 Ne7 6. Nbd2 d6 7. e5 d5 8. h4
h5 9. b3 Nf5 10. Bb2 a5 11. a4 c4 12. bxc4 Rb8 13. Ba3 c5 14. cxd5 exd5 15. Nb3
Qc7 16. O-O Be7 17. d4 c4 18. Nc5 Rb6 19. Re1 Rg6 20. e6 f6 21. Bc1 Rg4 22. c3
O-O 23. Be3 Bxc5 24. dxc5 d4 25. Bxd4 Bb7 26. Rb1 Rxg2+ 27. Kxg2 Nxh4+ 28. Kf1
Bxf3 29. Be5 Qc6 30. e7 Bxd1 31. exf8=Q+ Kxf8 32. Bd6+ Kg8 33. Rbxd1 Qh1+ 34.
Ke2 Qf3+ 35. Kf1 Kh7 36. Rd4 Qg2+ 37. Ke2 Nf3 38. Rxc4 Nxe1 39. Kxe1 Qc6 40. Rf4
Kg6 41. Kd2 Kf7 42. Kd3 g5 43. Re4 Kg6 44. Kd4 h4 45. Re7 h3 46. Rc7 Qxa4+ 47.
Kd5 Qb3+ 48. Kc6 a4 49. Rb7 Qxc3 50. Kd7 h2 51. Bxh2 Qxc5 0-1

[Event "23rd Dubai Open 2023"]
[Site "Dubai UAE"]
[Date "2023.06.03"]
[Round "8.13"]
[White "Karthikeyan, Murali"]
[Black "Gavrilescu, David"]
[Result "1/2-1/2"]
[WhiteTitle "GM"]
[BlackTitle "GM"]
[WhiteElo "2627"]
[BlackElo "2535"]
[WhiteFideId "5074452"]
[BlackFideId "1227190"]
[EventDate "2023.05.27"]

1. e4 e6 2. d3 d5 3. Nd2 c5 4. Ngf3 Nc6 5. g3 Nf6 6. Bg2 Be7 7. O-O O-O 8. Re1
Qc7 9. e5 Nd7 10. Qe2 b5 11. Nf1 a5 12. h4 Bb7 13. h5 h6 14. Bf4 Rfc8 15. N1h2
Qd8 16. Qd2 Nf8 17. Ng4 Nh7 18. a4 b4 19. c4 bxc3 20. bxc3 Rab8 21. Rad1 Bf8 22.
Bf1 Ba6 23. Qc1 Rb3 24. Nd2 Rb6 25. c4 Nd4 26. Bg2 Bb7 27. Nb1 dxc4 28. dxc4 Qe8
29. Bxb7 Rxb7 30. Rd3 Qxa4 31. Nd2 Rd8 32. Ra3 Qc2 33. Qd1 Rb2 34. Kg2 Qxd1 35.
Rxd1 Nb3 36. Rb1 Nxd2 37. Rxb2 Nxc4 38. Rba2 Nxa3 39. Rxa3 Ra8 40. Ra4 Be7 41.
Bd2 Bd8 42. Ne3 f6 43. f4 fxe5 44. fxe5 Nf8 45. Kf3 Nd7 46. Nc4 Kf7 47. Ke4 Bc7
48. Bxa5 Nb6 49. Ra2 Nxc4 50. Rf2+ Ke7 51. Bxc7 Rc8 52. Kd3 Rxc7 53. Kxc4 Rd7
54. Re2 Rd5 55. g4 Kd8 56. Kb5 Kd7 57. Re1 Kc7 58. Re2 Kd7 59. Re3 Ke7 1/2-1/2

[Event "23rd Dubai Open 2023"]
[Site "Dubai UAE"]
[Date "2023.06.03"]
[Round "8.14"]
[White "Theodorou, Nikolas"]
[Black "Sankalp, Gupta"]
[Result "1-0"]
[WhiteTitle "GM"]
[BlackTitle "GM"]
[WhiteElo "2591"]
[BlackElo "2504"]
[WhiteFideId "4262875"]
[BlackFideId "5097010"]
[EventDate "2023.05.27"]

1. d4 Nf6 2. c4 e6 3. Nc3 d5 4. cxd5 exd5 5. Bg5 c6 6. e3 h6 7. Bh4 Be7 8. Bd3
O-O 9. Nge2 Ne4 10. Bxe7 Qxe7 11. Bxe4 dxe4 12. Qc2 Bf5 13. h3 Na6 14. a3 Rfe8
15. g4 Bh7 16. h4 c5 17. O-O-O cxd4 18. Rxd4 b5 19. g5 Rac8 20. Nf4 Nc5 21. Kb1
h5 22. Ncd5 Qe5 23. Nxh5 Red8 24. Qxc5 Kh8 25. Qxb5 Rb8 26. Qa5 Bf5 27. Nhf4 Rd7
28. Qc3 1-0

[Event "23rd Dubai Open 2023"]
[Site "Dubai UAE"]
[Date "2023.06.03"]
[Round "8.15"]
[White "Adhiban, Baskaran"]
[Black "Aditya, Mittal"]
[Result "1/2-1/2"]
[WhiteTitle "GM"]
[BlackTitle "GM"]
[WhiteElo "2589"]
[BlackElo "2522"]
[WhiteFideId "5018471"]
[BlackFideId "35042025"]
[EventDate "2023.05.27"]

1. d4 d5 2. c4 e6 3. Nc3 c5 4. e3 Nf6 5. Nf3 Nc6 6. a3 dxc4 7. Bxc4 a6 8. O-O b5
9. Bd3 Bb7 10. dxc5 Bxc5 11. b4 Bd6 12. Ne4 Nxe4 13. Bxe4 f5 14. Bd3 Qf6 15. Ra2
Ne5 16. Be2 Rd8 17. Rd2 Bb8 18. Bb2 Rxd2 19. Qxd2 Bxf3 20. gxf3 Qg5+ 21. Kh1 Nc4
22. Bxc4 Qh5 23. f4 Qf3+ 24. Kg1 Qg4+ 25. Kh1 Qf3+ 26. Kg1 Qg4+ 27. Kh1 Qf3+ 28.
Kg1 Qg4+ 29. Kh1 Qf3+ 30. Kg1 Qg4+ 1/2-1/2

[Event "23rd Dubai Open 2023"]
[Site "Dubai UAE"]
[Date "2023.06.03"]
[Round "8.16"]
[White "Fawzy, Adham"]
[Black "Asadli, Vugar"]
[Result "1-0"]
[WhiteTitle "GM"]
[BlackTitle "GM"]
[WhiteElo "2495"]
[BlackElo "2584"]
[WhiteFideId "10613129"]
[BlackFideId "13405764"]
[EventDate "2023.05.27"]

1. e4 c5 2. Nf3 d6 3. d4 cxd4 4. Nxd4 Nf6 5. Nc3 a6 6. Bg5 e6 7. f4 Be7 8. Qf3
Qc7 9. O-O-O Nbd7 10. Bd3 b5 11. Rhe1 Bb7 12. Qg3 b4 13. Nd5 exd5 14. exd5 Kd8
15. Nc6+ Bxc6 16. dxc6 Qxc6 17. Bxf6 Nxf6 18. Qxg7 Re8 19. g4 Qf3 20. Bf5 Qxf4+
21. Kb1 Qc4 22. Rxe7 Kxe7 23. Re1+ Kd8 24. Qxf6+ Kc7 25. Re7+ Rxe7 26. Qxe7+ Kc6
27. Qd7+ Kc5 28. Qc7+ Kd4 29. Qxd6+ Qd5 30. c3+ 1-0

[Event "23rd Dubai Open 2023"]
[Site "Dubai UAE"]
[Date "2023.06.03"]
[Round "8.17"]
[White "Tiglon, Bryce"]
[Black "Iskandarov, Misratdin"]
[Result "1/2-1/2"]
[WhiteTitle "IM"]
[BlackTitle "GM"]
[WhiteElo "2494"]
[BlackElo "2577"]
[WhiteFideId "2087456"]
[BlackFideId "13400312"]
[EventDate "2023.05.27"]

1. e4 e5 2. Nf3 Nc6 3. Bb5 a6 4. Ba4 Nf6 5. O-O Be7 6. Re1 b5 7. Bb3 O-O 8. c3
d6 9. h3 Nb8 10. d4 Nbd7 11. Nbd2 Bb7 12. Bc2 Re8 13. Nf1 Bf8 14. Ng3 g6 15. Bd2
Bg7 16. Qc1 exd4 17. cxd4 c5 18. Bh6 cxd4 19. Bxg7 Kxg7 20. Nxd4 Qb6 21. Qd2
Rac8 22. Rad1 d5 23. exd5 Bxd5 24. Bb3 Bxb3 25. Nxb3 Qc6 26. Rxe8 Rxe8 27. Nd4
Qc5 28. b3 Re5 29. Rc1 Qd5 30. Rd1 Kg8 31. Qc1 Qc5 32. Nge2 Qb6 33. Qc2 b4 34.
Qc8+ Re8 35. Qc4 Ne5 36. Qc2 Rd8 37. Qc1 Qd6 38. Qc2 Qb6 39. Qc1 Rd5 40. Qe3 Nc6
41. Rd2 Nxd4 42. Rxd4 Qc7 43. Rxd5 Nxd5 44. Qd3 Qe5 45. Qxa6 Nc3 46. Ng3 Qe1+
47. Qf1 Qd2 48. Qc4 Qc1+ 49. Kh2 Nxa2 50. Qd5 Qb2 51. Ne4 Nc1 52. Qd6 Kg7 53.
Qxb4 Nxb3 54. Qb8 Qd4 55. Qxb3 Qxe4 1/2-1/2

[Event "23rd Dubai Open 2023"]
[Site "Dubai UAE"]
[Date "2023.06.03"]
[Round "8.18"]
[White "Harsha, Bharathakoti"]
[Black "Ohanyan, Emin"]
[Result "0-1"]
[WhiteTitle "GM"]
[BlackTitle "IM"]
[WhiteElo "2602"]
[BlackElo "2444"]
[WhiteFideId "5078776"]
[BlackFideId "13312022"]
[EventDate "2023.05.27"]

1. d4 Nf6 2. Nf3 d5 3. Bf4 c5 4. e3 Nc6 5. Nbd2 Qb6 6. dxc5 Qxb2 7. Rb1 Qc3 8.
Bb5 g6 9. O-O Bg7 10. Nd4 Bd7 11. N2b3 O-O 12. Ne2 Qb4 13. a4 Ne4 14. f3 Nc3 15.
Nxc3 Qxc3 16. Qxd5 Rfd8 17. Qc4 Bf5 18. e4 Be6 19. Qxc3 Bxc3 20. Rfd1 Rac8 21.
Bxc6 bxc6 22. Rd3 Rxd3 23. cxd3 Rd8 24. Nc1 Bd4+ 25. Kf1 Bxc5 26. Ke2 Bb6 27.
Nb3 Bxb3 28. Rxb3 Rd4 29. a5 Bxa5 30. Rb8+ Rd8 31. Rb7 Kf8 32. Rxa7 Bb4 33. g4
Ke8 34. h4 Rc8 35. d4 c5 36. d5 c4 37. Kd1 Bc5 38. Ra4 Bd4 39. h5 gxh5 40. gxh5
e6 41. Kc2 exd5 42. exd5 Ke7 43. Ra6 Rd8 44. d6+ Ke6 45. Rc6 Be5 46. Bxe5 Kxe5
47. Rc7 Ke6 48. Rxc4 Rxd6 49. Rg4 h6 50. Rf4 Rd5 51. Ra4 Kf6 52. Rg4 Rxh5 53.
Kd3 Re5 54. Rg1 h5 55. f4 Re8 56. Rg5 Rh8 57. Ke3 h4 58. Kf2 h3 59. Kg1 Rh4 60.
Kh2 Rxf4 61. Rg3 Rh4 62. Rf3+ Ke7 63. Re3+ Kf8 64. Rb3 Rh6 65. Re3 Kg7 66. Rg3+
Kf6 67. Rf3+ Ke6 68. Ra3 f6 69. Ra6+ Kf5 70. Ra5+ Kg4 71. Ra4+ Kg5 72. Ra5+ f5
73. Ra8 f4 74. Rg8+ Kf5 75. Rf8+ Kg4 76. Rg8+ Kf3 77. Ra8 Re6 78. Ra7 Re8 79.
Ra6 Kg4 80. Rg6+ Kf5 81. Ra6 Re3 82. Ra8 Kg4 83. Rg8+ Kf3 84. Ra8 Kf2 85. Ra2+
Kf1 86. Ra1+ Re1 87. Ra3 Re2+ 88. Kh1 Kf2 89. Kh2 Kf1+ 90. Kh1 Re3 91. Ra1+ Re1
92. Ra3 f3 93. Kh2 f2 0-1

[Event "23rd Dubai Open 2023"]
[Site "Dubai UAE"]
[Date "2023.06.03"]
[Round "8.19"]
[White "Romanov, Evgeny"]
[Black "Anuj, Shrivatri"]
[Result "0-1"]
[WhiteTitle "GM"]
[BlackTitle "IM"]
[WhiteElo "2578"]
[BlackElo "2404"]
[WhiteFideId "4148843"]
[BlackFideId "35070924"]
[EventDate "2023.05.27"]

1. g3 d5 2. Nf3 g6 3. Bg2 Bg7 4. c4 dxc4 5. Na3 e5 6. O-O Nc6 7. Nxc4 e4 8. Ne1
Nf6 9. d3 O-O 10. Bg5 exd3 11. Nxd3 h6 12. Bf4 Be6 13. Bxc6 bxc6 14. Qa4 Qd4 15.
Nde5 g5 16. Be3 Qd5 17. Rfc1 Ng4 18. Nxc6 Rfe8 19. N6a5 Qf5 20. f3 Nxe3 21. Nxe3
Qe5 22. Rc3 Qd4 23. Ra3 Qxb2 24. Re1 Qd2 25. Qd1 Qb4 26. Nc2 Qc5+ 27. Kg2 Bb2
28. Nb3 Qc3 29. Ra4 Bxb3 30. axb3 Rad8 31. Re4 Rxd1 32. Rxe8+ Kg7 33. Rxd1 Qxc2
34. Rd3 c5 35. g4 a5 36. Re7 Bd4 0-1

[Event "23rd Dubai Open 2023"]
[Site "Dubai UAE"]
[Date "2023.06.03"]
[Round "8.20"]
[White "Batchuluun, Tsegmed"]
[Black "Sviridov, Valery"]
[Result "1/2-1/2"]
[WhiteTitle "GM"]
[WhiteElo "2466"]
[BlackElo "2545"]
[WhiteFideId "4900847"]
[BlackFideId "4120680"]
[EventDate "2023.05.27"]

1. d4 Nf6 2. c4 e6 3. Nf3 d5 4. g3 Be7 5. Bg2 O-O 6. O-O dxc4 7. Qc2 a6 8. a4
Nc6 9. Qxc4 Qd5 10. Qxd5 exd5 11. Bf4 Na5 12. Nbd2 c6 13. h3 Bb4 14. g4 Re8 15.
e3 h5 16. gxh5 Nxh5 17. Bc7 f6 18. Bxa5 Bxa5 19. Nb3 Bc7 20. a5 Kf7 21. Nc5 g5
22. Rfe1 Bd6 23. b4 Re7 24. Kf1 Bf5 25. Ra3 Rh8 26. Ng1 Ng7 27. Rc1 Bc8 28. Rac3
Ne6 29. Nxe6 Bxe6 30. Rb3 Kg6 31. Ke2 Bh2 32. Nf3 Bxh3 33. Bxh3 Rxh3 34. Rh1
Reh7 35. Ne1 g4 36. Nd3 Bd6 37. Rg1 f5 38. Rbb1 Kg5 39. Rg2 f4 40. exf4+ Bxf4
41. Rbg1 R7h4 42. Nc5 Ra3 43. Nxb7 Ra2+ 44. Kf1 Bh2 45. f4+ Kxf4 46. Rxa2 Bxg1
47. Kxg1 g3 48. Nc5 Kg4 49. Nxa6 Kh3 50. Rd2 Re4 51. Rd1 Re2 52. Nc5 Rg2+ 53.
Kh1 Rh2+ 54. Kg1 Rg2+ 55. Kh1 Rh2+ 56. Kg1 Rg2+ 57. Kh1 Rh2+ 1/2-1/2